Business statistics practice, 2nd edition / (Record no. 347008)
[ view plain ]
| 000 -LEADER | |
|---|---|
| fixed length control field | 00650 a2200181 4500 |
| 020 ## - INTERNATIONAL STANDARD BOOK NUMBER | |
| International Standard Book Number | 0072320583 (hardcover) |
| 020 ## - INTERNATIONAL STANDARD BOOK NUMBER | |
| International Standard Book Number | 9780072320589 (hardcover) |
| 082 04 - DEWEY DECIMAL CLASSIFICATION NUMBER | |
| Classification number | 519.502465 |
| 090 ## - LOCALLY ASSIGNED LC-TYPE CALL NUMBER (OCLC); LOCAL CALL NUMBER (RLIN) | |
| -- | 4566 |
| -- | 4566 |
| 100 1# - MAIN ENTRY--PERSONAL NAME | |
| Personal name | Bowerman, Bruce L-O'Conel,Richard T-Hand,Michael L. |
| 245 10 - TITLE STATEMENT | |
| Title | Business statistics practice, 2nd edition / |
| Statement of responsibility, etc. | Bruce L-O'Conel,Richard T-Hand,Michael L Bowerman. |
| 250 ## - EDITION STATEMENT | |
| Edition statement | 2nd Ed ed. |
| 260 ## - PUBLICATION, DISTRIBUTION, ETC. | |
| Place of publication, distribution, etc. | [S.l.] : |
| Name of publisher, distributor, etc. | Boston,MA:McGraw Hil,2000, |
| Date of publication, distribution, etc. | 2000. |
| 300 ## - PHYSICAL DESCRIPTION | |
| Extent | 856 p. ; |
| Dimensions | 28 cm. |
| 500 ## - GENERAL NOTE | |
| General note | Import. |
| 856 40 - ELECTRONIC LOCATION AND ACCESS | |
| Materials specified | Amazon.com |
| Uniform Resource Identifier | <a href="http://www.amazon.com/exec/obidos/ASIN/0072320583/chopaconline-20">http://www.amazon.com/exec/obidos/ASIN/0072320583/chopaconline-20</a> |
| 942 ## - ADDED ENTRY ELEMENTS (KOHA) | |
| Institution code [OBSOLETE] | NBS |
| Koha item type | Book |
| Call number prefix | 519.502465 BOW |
| Withdrawn status | Lost status | Damaged status | Not for loan | Permanent Location | Current Location | Date acquired | Total Checkouts | Full call number | Barcode | Date last seen | Price effective from | Koha item type |
|---|---|---|---|---|---|---|---|---|---|---|---|---|
| Central Library (CL) | Central Library (CL) | 08/28/2013 | 519.502465 BOW | NBS4703 | 08/28/2013 | 08/28/2013 | Book |
